Statistics for Minecraft - Flowers Quiz

Click here to take the quiz!

General Stats

  • This quiz has been taken 10 times
    (6 since last reset)
  • The average score is 11 of 16

Answer Stats

Flowers% Correct
Tulip
100%
Blue Orchid
83%
Dandelion
83%
Lily of the Valley
83%
Peony
83%
Poppy
83%
Rose Bush
83%
Sunflower
83%
Wither Rose
83%
Allium
67%
Azure Bluet
67%
Cornflower
67%
Lilac
67%
Oxeye Daisy
50%
Torch Flower
33%
Spore Blossom
17%

Score Distribution

Percentile by Number Answered

Percent of People with Each Score

Your Score History

You have not taken this quiz since the last reset